1226 1719 1697 1601 1017 1833 1283 1571 1982 1336 1157 1910 1683 1432 1782 1265 1875 1827 1439 1257 1980 1281 1082 1479 1820 1746 1973 1890 1892 1278 1767 1682 1528 1212 1936 1423 1558 1178 1556 1706 1472 1354 1108 1100 1564 1674 1923 1973 1865 1417 1654 1716 1544 1854 1552 1477 1010 1468 1073 1118 1948 1969 1148 1320 1125 1813 1578 1992 1422 1222 1403 1997 1530 1533 1033 1240 1443 1852 1148 1603 1909 1053 1944 1608 1889 1338 1530 1706 1800 1662 1889 1815 1110 1923 1838 1533 1942 1232 1630 BCNSPRNW ULIB Ver.6.0+V

เปลี่ยนเป็นภาษาไทย

Change to English
 แสดงรายละเอียดบรรณานุกรม
  กลับหน้าหลัก

Brief Record : Get Marc (ISO 2709) : E-mail record : QR code < ปิดหน้าต่าง
LEADER : 00000nam 2200000uu 4500
001    13399122168
003     ULIB
008    130108s2553||||th 000 0 tha d
020    ^a9786165513869
060 04 ^aQV150^bP536
245 00 ^aPharmacotherapy in cardiovascular diseases III /^cบรรณาธิการ, นารัต เกษตรทัต, ณัฏฐดา อารีเปี่ยม, ชาญกิจ พุฒิเลอพงศ์
250    ^aพิมพ์ครั้งที่ 1
260    ^aกรุงเทพฯ :^bคณะเภสัชศาสตร์ จุฬาลงกรณ์มหาวิทยาลัย,^c2553
300    ^a176 หน้า ;^c26 ซม.
650  4 ^aยารักษาโรคทางระบบหัวใจและหลอดเลือด
650  4 ^aหัวใจร่วมหลอดเลือด, โรค^xการรักษาด้วยยา
700 0  ^aนารัต เกษตรทัต,^eบรรณาธิการ
700 0  ^aณัฏฐดา อารีเปี่ยม,^eบรรณาธิการ
700 0  ^aชาญกิจ พุฒิเลอพงศ์,^eบรรณาธิการ
710 2  ^aจุฬาลงกรณ์มหาวิทยาลัย. ^bคณะเภสัชศาสตร์
945    ^p0^l0^i19629
995    ^aกัณชพร
999    ^aใช้งานได้ทุกระบบ
รายการนี้ยังไม่มีแท็ก
คุณยังไม่ได้ล็อกอิน คุณสามารถมีกิจกรรมร่วมกับเว็บไซต์ได้ แต่ต้องล็อกอินก่อน ::
  ล็อกอิน

รายการสื่อสารสนเทศ

ลำดับที่ ประเภท เลขเรียก/บาร์โค้ด สถานที่ สถานะ
1. วิทยาศาสตร์การแพทย์ และสุขภาพ
วิทยาศาสตร์การแพทย์ และสุขภาพ
สถานะ=หนังสือเก่า
QV150 P536  
  Barcode: 19629
ห้องสมุดวิทยาเขตนครสวรรค์
►ส่วนจัดเก็บหนังสือเก่า นว.
บนชั้น
  ขอยืม

รายการใกล้เคียง
    หัวเรื่อง [ยารักษาโรคทางระบบหัวใจและหลอดเลือด]

BibComment


ยังไม่เคยถูกคอมเมนท์

คอมเมนท์ทรัพยากรรายการนี้
  คอมเมนท์: Pharmacotherapy ..


 Copyright 2026. Bcnsprnw @Library